000 00403nam a2200145 i 4500
001 44370
003 ES-MaACL
007 t|
008 030321s1971 sp ||||1| spa d
100 1 _aCilveti, Angel L.
_938834
245 1 3 _aEl significado de la vida es sueƱo /
_cAngel L. Cilveti.
260 _a[Valencia] :
_bAlbatros,
_c1971.
300 _a239 p. ;
_c23 cm.
852 _aES-MaACL
_jE-8148
_bR.92710
999 _c44370
_d44370